000 00469nam a22001817a 4500
003 KOHA_MİRAKIL
005 20251202072528.0
008 251202b tu ||||| |||| 00| 0 tur d
020 _a9786258352795
040 _aTR-AnABB
_btur
_cTR-AnABB
041 _atur
082 _a928
_bSAD 2023
245 1 0 _aSadullah Enveri tarihi /
260 _aAnkara :
_bTürkiye Bilimler Akademisi,
_c2023
300 _a944 sayfa ;
_c24 cm
650 0 4 _aTarih
942 _2ddc
_cBK
999 _c9690
_d9690
900 _bGizem YORULMAZ